000 00652cam a2200157 4500500
005 20260412000038.0
041 _afre
042 _adc
100 1 0 _aLarivaille, Paul
_eauthor
700 1 0 _aMarchand, Jean-Jacques
_eauthor
700 1 0 _aVan Blancke, Benjamin
_eauthor
245 0 0 _aLe Prince
260 _bLes Belles lettres,
_c2019.
520 _aJe juge qu’il peut être vrai que la fortune soit l’arbitre de la moitié de nos actions, mais aussi qu’elle nous en laisse, à nous, gouverner l’autre moitié ou à peu près. XXV, 4
856 4 1 _uhttps://shs.cairn.info/le-prince--9782251449098?lang=fr&redirect-ssocas=7080
999 _c2208833
_d2208833